| 000 | 05567cam a22019334i 4500 | ||
|---|---|---|---|
| 003 | PE-LiUPU | ||
| 005 | 20250813165827.0 | ||
| 008 | 150706s2008 mx a r 000 0 d | ||
| 020 | _a9788420011110 | ||
| 035 | _a(Sirsi) i9788420011110 | ||
| 040 |
_aPE-LiUPU _bspa _cPE-LiUPU _erda |
||
| 049 | _aPRUA | ||
| 082 | 0 | 4 |
_a635.1 _bA _221 |
| 082 | 0 | 4 |
_a634 _bO66 2008 |
| 245 | 0 | 1 |
_aAvances en maduración y post-recolección de frutas y hortalizas / _ceditores, Rosa Oria Almudí, Jesús Val Falcón, Ana Ferrer Mairal. |
| 264 | 1 |
_aZaragoza : _bAcribia, _c2008 . |
|
| 300 |
_a737 páginas : _bilustraciones, ; _c23 cm. |
||
| 336 |
_atext _2rdacontent |
||
| 337 |
_aunmediated _2rdamedia |
||
| 338 |
_avolume _2rdacarrier |
||
| 500 | _aActas del IX Simposio Nacional y VI Ibérico sobre Maduración y Postcosecha, Zaragoza, 23-26 de septiembre de 2008"--Verso de portada . | ||
| 505 | 0 | _aFisiología de la maduración y senescencia. Genómica y proteómica -- Valor nutritivo, calidad y seguridad de los productos vegetales -- Manipulación comercial de vida pos cosecha de frutas y hortalizas -- Alteraciones física, fisiológicas y patológicas de frutas y hortalizas -- Productos mínimamente procesados. Nuevas tecnologías en la conservación y transformación de frutas y hortalizas. | |
| 526 | _aP203 | ||
| 526 | _aP200 | ||
| 526 | _aSEG65 | ||
| 526 | _aSEG64 | ||
| 526 | _aSEG63 | ||
| 526 | _aSEG62 | ||
| 526 | _aSEG61 | ||
| 526 | _aSEG60 | ||
| 526 | _aSEG59 | ||
| 526 | _aSEG58 | ||
| 526 | _aSEG57 | ||
| 526 | _aSEG56 | ||
| 526 | _aSEG55 | ||
| 526 | _aSEG54 | ||
| 526 | _aSEG53 | ||
| 526 | _aSEG52 | ||
| 526 | _aSEG51 | ||
| 526 | _aSEG50 | ||
| 526 | _aSEG49 | ||
| 526 | _aSEG48 | ||
| 526 | _aSEG47 | ||
| 526 | _aSEG46 | ||
| 526 | _aSEG24 | ||
| 526 | _aSEG23 | ||
| 526 | _aSEG22 | ||
| 526 | _aSEG21 | ||
| 526 | _aSEG20 | ||
| 526 | _aSEG19 | ||
| 526 | _aSEG18 | ||
| 526 | _aSEG17 | ||
| 526 | _aSEG16 | ||
| 526 | _aSEG14 | ||
| 526 | _aSEG13 | ||
| 526 | _aSEG12 | ||
| 526 | _aSEG11 | ||
| 526 | _aSEG10 | ||
| 526 | _aSEG09 | ||
| 526 | _aSEG06 | ||
| 526 | _aSEG05 | ||
| 526 | _aSEG04 | ||
| 526 | _aSEG03 | ||
| 526 | _aSEG02 | ||
| 526 | _aSEG68 | ||
| 526 | _aSEG66 | ||
| 526 | _aSEG45 | ||
| 526 | _aSEG25 | ||
| 526 | _aSEG01 | ||
| 526 | _aP163 | ||
| 526 | _aP162 | ||
| 526 | _aP161 | ||
| 526 | _aP160 | ||
| 526 | _aP159 | ||
| 526 | _aP158 | ||
| 526 | _aP157 | ||
| 526 | _aP156 | ||
| 526 | _aP155 | ||
| 526 | _aP154 | ||
| 526 | _aP153 | ||
| 526 | _aP152 | ||
| 526 | _aP151 | ||
| 526 | _aP150 | ||
| 526 | _aP149 | ||
| 526 | _aP142 | ||
| 526 | _aP141 | ||
| 526 | _aP140 | ||
| 526 | _aP139 | ||
| 526 | _aP138 | ||
| 526 | _aP137 | ||
| 526 | _aP132 | ||
| 526 | _aP131 | ||
| 526 | _aP130 | ||
| 526 | _aP126 | ||
| 526 | _aP125 | ||
| 526 | _aP124 | ||
| 526 | _aP123 | ||
| 526 | _aP115 | ||
| 526 | _aP122 | ||
| 526 | _aP121 | ||
| 526 | _aP116 | ||
| 526 | _a P114 | ||
| 526 | _aP112 | ||
| 526 | _aP111 | ||
| 526 | _aP104 | ||
| 526 | _aP103 | ||
| 526 | _aP102 | ||
| 526 | _aP101 | ||
| 526 | _aP100 | ||
| 526 | _aP96 | ||
| 526 | _aP95 | ||
| 526 | _aP93 | ||
| 526 | _aP92 | ||
| 526 | _aP91 | ||
| 526 | _aP88 | ||
| 526 | _aP83 | ||
| 526 | _aP82 | ||
| 526 | _aP79 | ||
| 526 | _aP78 | ||
| 526 | _aP75 | ||
| 526 | _aP74 | ||
| 526 | _aP71 | ||
| 526 | _aP69 | ||
| 526 | _a P51 | ||
| 526 | _aP49 | ||
| 526 | _aP48 | ||
| 526 | _aP47 | ||
| 526 | _aP33 | ||
| 526 | _aP31 | ||
| 526 | _a P30 | ||
| 526 | _aP29 | ||
| 526 | _aP27 | ||
| 526 | _aP26 | ||
| 526 | _aP25 | ||
| 526 | _aP24 | ||
| 526 | _a P22 | ||
| 526 | _aP10 | ||
| 526 | _aP09 | ||
| 526 | _a P08 | ||
| 526 | _aP06 | ||
| 526 | _aP05 | ||
| 526 | _aP04 | ||
| 526 | _aP01 | ||
| 541 | _g015-0012923; | ||
| 541 | _g001-0035682; | ||
| 650 | 0 | 4 |
_aFrutas _xTecnología poscosecha _xCongresos y asambleas. |
| 650 | 0 | 4 |
_aHortalizas _xTecnología poscosecha _xCongresos y asambleas . |
| 700 | 1 |
_aOria Almudí, Rosa, _eed. |
|
| 711 |
_aSimposio Ibérico sobre Maduración y Postcosecha _n6º. _d2008 _cZaragoza. |
||
| 700 | 1 |
_aVal Falcón, Jesús, _eed. |
|
| 700 | 1 |
_aFerrer Mairal, Ana, _eed. |
|
| 910 |
_bjv _cng _d20110708 |
||
| 910 |
_ctqv _d20170405 |
||
| 942 |
_2ddc _cBOOK |
||
| 949 |
_a635.1 A _wDEWEY _c1 _i63172 _lCCODEBUL1 _mBUL _p39.00 _r0 _sY _tBOOK _u2015-7-6 _xINGENIERIA _PP26 _o.STAFF. Colección General |
||
| 949 |
_a635.1 A _wDEWEY _c2 _i65225 _lCCODEBUL1 _mBUL _p34.00 _r0 _sY _tBOOK _u2015-7-6 _xINGENIERIA _PP26 _o.STAFF. Colección General |
||
| 949 |
_a634 O66 2008 _wDEWEY _c1 _iFJ07518 _lCCODEBUJ1 _mBUJ _p39.00 _r0 _sY _tBOOK _u2017-04-05 _xFIA _PP26 _0COMPRA _o.STAFF. Colección General Juliaca |
||
| 994 |
_aC0 _bPEPRU |
||
| 596 | _a1 3 | ||
| 999 |
_a635.1 A _wDEWEY _c52177 _i63172 _d52177 _f2019-12-11 _g6 _lCCODEBUL1 _mBUL _p39.00 _q1 _r0 _sY _tBOOK _u2015-7-6 _xINGENIERIA _PP26 _0COMPRA _o.STAFF. Colección General |
||
| 999 |
_a635.1 A _wDEWEY _c2 _i65225 _d2019-4-11 _e2019-4-4 _f2021-11-9 _g8 _lCCODEBUL1 _mBUL _n5 _p34.00 _q2 _r0 _sY _tBOOK _u2015-7-6 _xINGENIERIA _PP26 _0COMPRA _o.STAFF. Colección General |
||
| 999 |
_a634 O66 2008 _wDEWEY _c1 _iFJ07518 _d2019-9-18 _e2017-5-5 _f2022-1-26 _g4 _lCCODEBUJ1 _mBUJ _n1 _p39.00 _q2 _r0 _sY _tBOOK _u2017-4-5 _xINGENIERIA _PP24 _0COMPRA _o.STAFF. Colección General Juliaca |
||
| 980 |
_81 _gALBERTO SANCHEZ Responsable de Automatización |
||